00182nam a2200073Ia 4500020001900000100001300019245003500032008004100067 a9781409586951" aUSBORNE  0aTHRILLING ILLUSTRATED STORIES 210805s9999 xx 000 0 und d